000
00339nam a2200157Ia 4500
100
_a
Tan/Pang-Ning
942
_c
BK
366
_f
20
654
_a
data mining
245
_a
Introduction to Data mining
260
_b
Pearson Education
_a
Mumbai
_c
2006
082
_a
658.403/TAN
_b
TAN
300
_a
769
546
_a
ENGLISH
999
_c
29586
_d
29586